000 01726nam a22002537a 4500
003 NALT
005 20251125232949.0
008 s2548 th tha d
040 _aNALT
041 _atha
090 _aKS 104.C2
_bว872พ 2548
110 0 _aสำนักงานเลขาธิการวุฒิสภา. สำนักกฎหมาย
245 1 0 _aพระราชบัญญัติการผลิตผลิตภัณฑ์ซีดี พ.ศ. 2548 พร้อมทั้งสรุปสาระสำคัญ ประวัติ ความเป็นมา กระบวนการ ขั้นตอนในการตราพระราชบัญญัติดังกล่าวของรัฐสภา และคำวินิจฉัยของศาลรัฐธรรมนูญ /
_cสำนักกฎหมาย สำนักงานเลขาธิการวุฒิสภา.
260 _aกรุงเทพฯ :
_bสำนักกฎหมาย สำนักงานเลขาธิการวุฒิสภา,
_c2548
300 _a52 หน้า ;
_b29 ซม.
610 _aสำนักงานเลขาธิการวุฒิสภา. สำนักกฎหมาย
650 0 4 _aซีดี
650 0 4 _aการผลิตผลิตภัณฑ์ซีดี (พ.ร.บ.) -- 2548
650 0 4 _aการผลิตผลิตภัณฑ์ซีดี (พ.ร.บ.) -- 2548ซีดี
850 _aNALT
856 4 0 _uhttps://hdl.handle.net/20.500.14156/466092
942 _cLB
_2lcc
999 _c44801
_d44801
998 _j109
_k อารีรัตน์ วิชาช่าง